000
00339 a2200157 4500
001
152343
040
_c
Escola São Tomás de Aquino
100
_a
OLIVEIRA, José Carlos
240
1
0
_a
Crônicas 6
_l
por
245
1
0
_a
Crônicas 6
300
_a
99
362
0
_a
2008
440
1
_a
Ática
697
_a
*LITERATURA JUVENIL
942
_c
BK
999
_c
152343
_d
152343